00365nam a2200145Ia 4500008004100000020001500041041000800056082001700064100002400081245004700105250000600152260003900158300001300197650000900210210716s9999 xx 000 0 und d a8178840057 aeng a004.694 JAIV aJain, V K; Hemlata. aEnterprise electronic and mobile commerce. a1 aNew DelhibCyber Tech Publications axiii,702 aNone